<?xml version="1.0" encoding="UTF-8"?><?xml-stylesheet type="text/xsl" href="static/style.xsl"?><OAI-PMH xmlns="http://www.openarchives.org/OAI/2.0/" xmlns:xsi="http://www.w3.org/2001/XMLSchema-instance" xsi:schemaLocation="http://www.openarchives.org/OAI/2.0/ http://www.openarchives.org/OAI/2.0/OAI-PMH.xsd"><responseDate>2026-04-17T15:46:59Z</responseDate><request verb="GetRecord" identifier="oai:www.recercat.cat:10230/33768" metadataPrefix="marc">https://recercat.cat/oai/request</request><GetRecord><record><header><identifier>oai:recercat.cat:10230/33768</identifier><datestamp>2025-12-21T01:47:14Z</datestamp><setSpec>com_2072_6</setSpec><setSpec>col_2072_452953</setSpec></header><metadata><record xmlns="http://www.loc.gov/MARC21/slim" xmlns:dcterms="http://purl.org/dc/terms/" xmlns:xsi="http://www.w3.org/2001/XMLSchema-instance" xmlns:doc="http://www.lyncode.com/xoai" xsi:schemaLocation="http://www.loc.gov/MARC21/slim http://www.loc.gov/standards/marcxml/schema/MARC21slim.xsd">
   <leader>00925njm 22002777a 4500</leader>
   <datafield ind2=" " ind1=" " tag="042">
      <subfield code="a">dc</subfield>
   </datafield>
   <datafield ind2=" " ind1=" " tag="720">
      <subfield code="a">Cannas, Massimo</subfield>
      <subfield code="e">author</subfield>
   </datafield>
   <datafield ind2=" " ind1=" " tag="720">
      <subfield code="a">Arpino, Bruno</subfield>
      <subfield code="e">author</subfield>
   </datafield>
   <datafield ind2=" " ind1=" " tag="260">
      <subfield code="c">2018-01-26T10:54:15Z</subfield>
   </datafield>
   <datafield ind2=" " ind1=" " tag="260">
      <subfield code="c">2018-01-26T10:54:15Z</subfield>
   </datafield>
   <datafield ind2=" " ind1=" " tag="260">
      <subfield code="c">2018-01</subfield>
   </datafield>
   <datafield ind2=" " ind1=" " tag="520">
      <subfield code="a">Using an extensive simulation exercise, we address two open issues in propensity score&#xd;
analyses: how to estimate propensity scores and how to assess covariates balance. We&#xd;
compare the performance of several machine learning algorithms and the standard logistic&#xd;
regression in terms of bias and mean squared errors of matching and weighing estimators&#xd;
based on the estimated propensity score. Additionally, we profit of the simulation&#xd;
framework to assess the ability of several measures of covariate balance in predicting the&#xd;
quality of the propensity score estimators in terms of bias reduction. Among the different&#xd;
techniques we considered, random forests performed the best when propensity scores were used for matching. In the case of weighting, both random forests and boosted tree&#xd;
outperformed other techniques. As for the performance of the several diagnostics of&#xd;
covariate balance we considered, we found that the simplest and most commonly used one, the Absolute Standardized Average Mean difference of covariates (ASAM), predicts well the bias of causal estimators. However, our findings suggest the use of a stringent rule: researchers should aim (at least) at obtaining an average ASAM lower than 10% and/or a low proportion of covariates with ASAM exceeding the 10% threshold. Balancing&#xd;
interactions among covariates is also desirable.</subfield>
   </datafield>
   <datafield tag="653" ind2=" " ind1=" ">
      <subfield code="a">Causal inference</subfield>
   </datafield>
   <datafield tag="653" ind2=" " ind1=" ">
      <subfield code="a">Propensity score methods</subfield>
   </datafield>
   <datafield tag="653" ind2=" " ind1=" ">
      <subfield code="a">Covariate balance</subfield>
   </datafield>
   <datafield tag="653" ind2=" " ind1=" ">
      <subfield code="a">Machine learning</subfield>
   </datafield>
   <datafield tag="653" ind2=" " ind1=" ">
      <subfield code="a">Algorithms; simulation study</subfield>
   </datafield>
   <datafield ind2="0" ind1="0" tag="245">
      <subfield code="a">Machine learning for propensity score matching and weighting : comparing different estimation techniques and assessing ifferent balance diagnostics</subfield>
   </datafield>
</record></metadata></record></GetRecord></OAI-PMH>